| 000 | 00677nam a2200205 i 4500 | ||
|---|---|---|---|
| 001 | 107894 | ||
| 003 | ES-MaACL | ||
| 005 | 20250730063122.0 | ||
| 007 | t| | ||
| 008 | 061121s1953 sp r ||||1| spa d | ||
| 100 | 1 |
_aMontaner, Joaquín, _d1892-1957 _982372 |
|
| 245 | 1 | 0 |
_aCervantes y Barcelona / _cpor Joaquín Montaner. |
| 260 |
_aBarcelona : _bAyuntamiento, _c1953. |
||
| 300 |
_a60 p., lám. I-XII ; _c28 cm. |
||
| 500 | _aPrecede al tit. : Ayuntamiento de Barcelona. | ||
| 600 | 1 | 4 |
_aCervantes Saavedra, Miguel de, _d1547-1616 _9226514 |
| 651 | 4 |
_aBarcelona- _zEn la literatura. _9140287 |
|
| 852 |
_aES-MaACL _j1965-F-1 _bR.34365 |
||
| 999 |
_c107894 _d107894 |
||